[Event "RUDAR 2 IM 2022"]
[Site "Pozarevac"]
[Date "2022.04.03"]
[Round "2.2"]
[White "Savitha Shri B"]
[Black "Anishka Vikram"]
[Result "1-0"]
[WhiteElo "2257"]
[BlackElo "2000"]
[Annotator "ChessBase"]
[PlyCount "163"]
[EventDate "2022.03.27"]
[EventType "tourn"]
[EventCountry "SRB"]
[SourceTitle "playchess.com"]
[Source "ChessBase"]
[SourceQuality "1"]
[TimeControl "40/5400+30:900+30"]

1. e4 {[%emt 0:01:38]} c5 {[%emt 0:00:14]} 2. Nf3 {[%emt 0:00:07]} d6 {[%emt 0:00:05]} 3. d4 {[%emt 0:00:07]} cxd4 {[%emt 0:00:06]} 4. Qxd4 {[%emt 0:00:08]} Nc6 {[%emt 0:01:18]} 5. Qe3 {[%emt 0:00:06]} Nf6 {[%emt 0:01:36]} 6. Be2 {[%emt 0:00:09]} g6 {[%emt 0:00:41]} 7. O-O {[%emt 0:00:09]} Bg7 {[%emt 0:00:08]} 8. c4 {[%emt 0:00:08]} O-O {[%emt 0:01:19]} 9. Nc3 {[%emt 0:00:05]} Bd7 {[%emt 0:08:57]} 10. Rb1 {[%emt 0:00:47]} Rc8 {[%emt 0:02:13]} 11. h3 {[%emt 0:03:04]} Ne8 {[%emt 0:04:32]} 12. b3 {[%emt 0:04:10]} f5 {[%emt 0:02:43]} 13. Bb2 {[%emt 0:04:06]} Nf6 {[%emt 0:04:08]} 14. exf5 {[%emt 0:07:55]} Bxf5 {[%emt 0:00:44]} 15. Rbd1 {[%emt 0:00:50]} Qa5 {[%emt 0:16:30]} 16. a3 {[%emt 0:10:37]} Qc5 {[%emt 0:13:39]} 17. Qc1 {[%emt 0:04:43]} Qb6 {[%emt 0:06:55]} 18. b4 {[%emt 0:02:03]} Be6 {[%emt 0:04:36]} 19. Qa1 {[%emt 0:03:29]} Nb8 {[%emt 0:07:56]} 20. Nd5 {[%emt 0:09:25]} Nxd5 {[%emt 0:02:54]} 21. cxd5 {[%emt 0:05:19]} Bxb2 {[%emt 0:00:11]} 22. Qxb2 {[%emt 0:00:10]} Bd7 {[%emt 0:04:54]} 23. Nd4 {[%emt 0:02:57]} Na6 {[%emt 0:01:12]} 24. Qd2 {[%emt 0:08:24]} Nc7 {[%emt 0:03:33]} 25. Qg5 {[%emt 0:04:02]} Rf6 {[%emt 0:01:47]} 26. Rfe1 {[%emt 0:04:46]} Ne8 {[%emt 0:01:07]} 27. Bf3 {[%emt 0:04:40]} Qd8 {[%emt 0:01:26]} 28. Re4 {[%emt 0:01:40]} Rc7 {[%emt 0:01:15]} 29. Rde1 {[%emt 0:00:24]} Bf5 {[%emt 0:00:48]} 30. Rh4 {[%emt 0:01:50]} Rf7 {[%emt 0:01:06]} 31. Rf4 {[%emt 0:04:04]} Ng7 {[%emt 0:01:08]} 32. Qh6 {[%emt 0:01:28]} Qf8 {[%emt 0:04:44]} 33. Rh4 {[%emt 0:02:23]} Ne8 {[%emt 0:01:09]} 34. Qe3 {[%emt 0:01:02]} Ng7 {[%emt 0:00:25]} 35. Nb5 {[%emt 0:05:52]} Rc2 {[%emt 0:00:47]} 36. Nd4 {[%emt 0:02:41]} Rc7 {[%emt 0:00:28]} 37. Bg4 {[%emt 0:00:46]} h5 {[%emt 0:00:47]} 38. Bf3 {[%emt 0:01:11]} Qd8 {[%emt 0:00:30]} 39. Qg5 {[%emt 0:00:27]} Rd7 {[%emt 0:00:24]} 40. g4 {[%emt 0:00:00]} Bd3 {[%emt 0:00:00]} 41. gxh5 {[%emt 0:01:43]} e5 {[%emt 0:00:46]} 42. Qxd8+ {[%emt 0:07:09]} Rxd8 {[%emt 0:00:01]} 43. Be2 {[%emt 0:00:18]} Bxe2 {[%emt 0:00:30]} 44. hxg6 {[%emt 0:00:20]} Rf6 {[%emt 0:00:23]} 45. Nxe2 {[%emt 0:00:05]} Rxg6+ {[%emt 0:00:03]} 46. Rg4 {[%emt 0:00:30]} Rxg4+ {[%emt 0:02:12]} 47. hxg4 {[%emt 0:00:01]} Rc8 {[%emt 0:00:13]} 48. Ng3 {[%emt 0:00:44]} Rc4 {[%emt 0:03:15]} 49. Ne4 {[%emt 0:01:50]} Ne8 {[%emt 0:00:07]} 50. f3 {[%emt 0:01:12]} Rd4 {[%emt 0:00:30]} 51. Rc1 {[%emt 0:00:34]} Rxd5 {[%emt 0:01:40]} 52. Rc8 {[%emt 0:00:05]} Rd1+ {[%emt 0:00:04]} 53. Kf2 {[%emt 0:00:14]} Kf7 {[%emt 0:00:07]} 54. Rb8 {[%emt 0:00:29]} b6 {[%emt 0:03:23]} 55. Rb7+ {[%emt 0:00:34]} Ke6 {[%emt 0:00:52]} 56. Rxa7 {[%emt 0:00:08]} d5 {[%emt 0:03:06]} 57. Ng5+ {[%emt 0:00:20]} Kf6 {[%emt 0:00:06]} 58. Nh7+ {[%emt 0:00:07]} Kg6 {[%emt 0:01:06]} 59. Nf8+ {[%emt 0:00:38]} Kg5 {[%emt 0:00:23]} 60. Re7 {[%emt 0:00:37]} Nd6 {[%emt 0:00:18]} 61. Rxe5+ {[%emt 0:04:15]} Kf6 {[%emt 0:00:58]} 62. Re6+ {[%emt 0:00:06]} Kg7 {[%emt 0:00:05]} 63. Rxd6 {[%emt 0:00:04]} Kxf8 {[%emt 0:00:03]} 64. Rxb6 {[%emt 0:00:05]} Ra1 {[%emt 0:00:29]} 65. Rd6 {[%emt 0:00:19]} Rxa3 {[%emt 0:00:04]} 66. Rxd5 {[%emt 0:00:04]} Rb3 {[%emt 0:00:05]} 67. Rb5 {[%emt 0:00:03]} Ke7 {[%emt 0:00:07]} 68. g5 {[%emt 0:00:17]} Kf7 {[%emt 0:00:05]} 69. Kg3 {[%emt 0:00:13]} Rb1 {[%emt 0:00:17]} 70. Kf4 {[%emt 0:00:05]} Rb3 {[%emt 0:00:19]} 71. Kg4 {[%emt 0:00:05]} Kg6 {[%emt 0:00:28]} 72. Rb6+ {[%emt 0:00:04]} Kf7 {[%emt 0:00:04]} 73. f4 {[%emt 0:00:03]} Rb1 {[%emt 0:00:06]} 74. Kf5 {[%emt 0:00:03]} Rd1 {[%emt 0:00:07]} 75. Rb7+ {[%emt 0:00:04]} Kf8 {[%emt 0:00:05]} 76. Kg6 {[%emt 0:00:14]} Rd6+ {[%emt 0:00:05]} 77. Kh7 {[%emt 0:00:06]} Rd1 {[%emt 0:00:23]} 78. f5 {[%emt 0:00:13]} Rd2 {[%emt 0:00:09]} 79. Kg6 {[%emt 0:00:07]} Rd6+ {[%emt 0:00:06]} 80. f6 {[%emt 0:00:06]} Rd8 {[%emt 0:00:03]} 81. Rh7 {[%emt 0:00:05]} Kg8 {[%emt 0:00:09]} 82. f7+ {[%emt 0:00:13]} 1-0

[Event "RUDAR 2 IM 2022"]
[Site "Pozarevac"]
[Date "2022.04.03"]
[Round "2.4"]
[White "Bryakin, Mikhail"]
[Black "Velikic, Adela"]
[Result "1-0"]
[WhiteElo "2481"]
[BlackElo "2258"]
[Annotator "RC"]
[PlyCount "83"]
[EventDate "2022.03.27"]
[EventType "tourn"]
[EventCountry "SRB"]
[SourceTitle "playchess.com"]
[Source "ChessBase"]
[SourceQuality "1"]
[TimeControl "40/5400+30:900+30"]

1. Nf3 {[%emt 0:00:03]} d5 {[%emt 0:00:10]} 2. g3 {[%emt 0:00:12]} Nf6 {[%emt 0:00:53]} 3. Bg2 {[%emt 0:00:14]} g6 {[%emt 0:00:17]} 4. d4 {[%emt 0:03:38]} Bg7 {[%emt 0:00:10]} 5. O-O {[%emt 0:00:35]} O-O {[%emt 0:00:17]} 6. c4 {[%emt 0:00:33]} c6 {[%emt 0:00:46]} 7. cxd5 {[%emt 0:00:24]} cxd5 {[%emt 0:00:17]} 8. Nc3 {[%emt 0:00:06]} Nc6 {[%emt 0:00:53]} 9. Ne5 {[%emt 0:00:25]} Bf5 {[%emt 0:13:41]} 10. Nxc6 {[%emt 0:03:57]} bxc6 {[%emt 0:00:04]} 11. Bf4 {[%emt 0:00:10]} Nh5 {[%emt 0:22:45]} 12. Be3 {[%emt 0:01:06]} Qd7 {[%emt 0:06:03]} 13. Na4 {[%emt 0:03:20]} Bh3 {[%emt 0:14:06]} 14. Nc5 {[%emt 0:00:52]} Qf5 {[%emt 0:01:49]} 15. Qd3 {[%emt 0:00:22]} Bxg2 {[%emt 0:04:08]} 16. Qxf5 {[%emt 0:00:52]} gxf5 {[%emt 0:00:04]} 17. Kxg2 {[%emt 0:00:09]} Rfb8 {[%emt 0:05:31]} 18. b3 {[%emt 0:02:08]} a5 {[%emt 0:03:02]} 19. Rac1 {[%emt 0:00:51]} Rb4 {[%emt 0:05:12]} 20. Nd3 {[%emt 0:09:07]} Rb6 {[%emt 0:00:40]} 21. Rc3 {[%emt 0:00:34]} Nf6 {[%emt 0:05:32]} 22. Rfc1 {[%emt 0:01:00]} Rc8 {[%emt 0:09:05]} 23. Ne5 {[%emt 0:01:42]} Ne4 {[%emt 0:02:18]} 24. Rxc6 {[%emt 0:00:32]} Rbxc6 {[%emt 0:00:34]} 25. Nxc6 {[%emt 0:00:47]} Kf8 {[%emt 0:00:39]} 26. f3 {[%emt 0:01:44]} Nd6 {[%emt 0:00:10]} 27. Nxa5 {[%emt 0:08:15]} Rxc1 {[%emt 0:00:15]} 28. Bxc1 {[%emt 0:00:05]} Bxd4 {[%emt 0:00:03]} 29. Nc6 {[%emt 0:00:24]} Bc3 {[%emt 0:01:15]} 30. Ba3 {[%emt 0:00:39]} Nc8 {[%emt 0:00:45]} 31. Bc5 {[%emt 0:00:27]} Ke8 {[%emt 0:00:50]} 32. b4 {[%emt 0:03:12]} Kd7 {[%emt 0:00:43]} 33. b5 {[%emt 0:00:15]} e5 {[%emt 0:01:48]} 34. a4 {[%emt 0:00:46]} e4 {[%emt 0:00:25]} 35. a5 {[%emt 0:06:53]} Nd6 {[%emt 0:00:45]} 36. Bxd6 {[%emt 0:00:10]} Kxd6 {[%emt 0:00:04]} 37. a6 {[%emt 0:00:07]} Kc7 {[%emt 0:00:15]} 38. Ne7 {[%emt 0:00:18]} d4 {[%emt 0:00:23]} 39. Nd5+ {[%emt 0:00:11]} Kb8 {[%emt 0:00:24]} 40. b6 {[%emt 0:00:00]} Ba5 {[%emt 0:00:00]} 41. a7+ {[%emt 0:00:26]} Kb7 {[%emt 0:01:07]} 42. Nc7 {[%emt 0:00:17]} 1-0

[Event "RUDAR 2 IM 2022"]
[Site "Pozarevac"]
[Date "2022.04.04"]
[Round "3.1"]
[White "Dudukovic, Nikola"]
[Black "Acor, Corey"]
[Result "1-0"]
[WhiteElo "2362"]
[BlackElo "2326"]
[Annotator "TA"]
[PlyCount "151"]
[EventDate "2022.03.27"]
[EventType "tourn"]
[EventCountry "SRB"]
[SourceTitle "playchess.com"]
[Source "ChessBase"]
[SourceQuality "1"]

{[%evp 13,151,52,63,62,72,68,66,33,41,29,27,0,0,0,0,0,8,0,20,7,14,0,20,0,18,0,17,19,77,69,83,68,68,65,74,71,82,65,77,47,68,58,75,36,33,46,37,39,29,36,62,47,30,36,70,51,56,41,72,0,51,-49,-61,-60,-64,-56,-48,-56,-77,-67,-42,-47,-38,-29,0,0,0,0,0,0,0,0,0,0,125,140,147,0,0,0,0,0,0,0,0,0,0,0,0,0,0,0,0,0,0,0,0,0,238,238,727,731,939,935,1016,750,551,285,478,436,29967,29961,1087,29961,29979,29979,29979,29979,29978,29973,29973,29974,29972,2403,29968,29970,29978,29979,29978,29977]} 1. e4 e5 2. Nf3 Nc6 3. Bb5 Nge7 4. O-O d6 5. d4 Bd7 6. d5 Nb8 7. Bxd7+ Nxd7 8. c4 {C62: Ruy Lopez: Steinitz Defence.} Ng6 9. Nc3 Be7 10. Ne2 {[#] White is slightly better.} h6 $146 ({Predecessor:} 10... O-O 11. Qc2 Nh4 12. Nxh4 Bxh4 13. g3 Bf6 14. Be3 Bg5 15. f4 exf4 16. gxf4 Bf6 {1-0 (52) Lopez Agustench,E (2370)-Duran Albareda,X (2225) Spain 1998}) 11. Be3 Bg5 12. Ng3 (12. Nxg5 {is more complex.} hxg5 13. f3 Nf4 14. Qd2) 12... Bxe3 13. fxe3 a5 14. b3 O-O 15. a3 Nf6 16. Qd3 Kh8 17. h3 Ng8 18. Nf5 N6e7 19. g4 Qd7 20. Ra2 g6 (20... Nxf5 $1 $11 21. exf5 c6) 21. Ng3 $16 f6 22. Kh2 Rf7 23. Nh4 Raf8 24. Raf2 Rb8 25. Rc2 Kg7 26. Rd1 Ra8 27. Qe2 (27. Rf2 {keeps more tension.} Nc8 28. Rdf1 Nb6 29. Nf3) 27... Raf8 28. c5 dxc5 29. Rxc5 b6 30. Rc2 Nc8 31. Rdc1 Nd6 32. Rc6 (32. Rxc7 Qxc7 33. Rxc7 Rxc7 $11) 32... Ra8 33. a4 Ra7 34. Qc2 {0x0.0012b305df0edp-1022s more active pieces.} Ne8 35. Qg2 Nd6 36. Rf1 (36. Nf3 $16) 36... Nb7 (36... Ne7 $11 37. Rcc1 Ra8) 37. Nh5+ gxh5 $15 38. gxh5+ Kh7 $1 39. Qg6+ Kh8 40. Nf5 {Inhibits Rg7. Strongly threatening Rg1.} Nd6 {Hoping for ...Nxf5.} 41. Rg1 {[%csl Gg1][%cal Rg6g8]} Ra8 42. Nxd6 {[%mdl 64] Remove Defender} cxd6 43. Rxd6 Qxd6 44. Qxf7 {[%csl Gg1][%cal Rf7g7]} Qf8 {Against Qg7+} 45. Qe6 Qc8 46. Qf7 {[%csl Gg1][%cal Rf7g7]} Qf8 {Inhibits Qg7+.} (46... Qc2+ $2 47. Rg2 Qxg2+ 48. Kxg2 $18) 47. Qe6 Qe8 {White must now prevent ...Qxe6.} 48. Qxb6 Rb8 (48... Qxh5 $2 49. Qb7 Qe2+ 50. Rg2 Qxg2+ 51. Kxg2 $18) (48... Qd7 $11 {keeps the balance.}) 49. Qxa5 $16 {And now d6 would win.} Rxb3 50. Rg2 {Inhibits Rb2.} (50. Qc7 $16 {[%csl Gg1][%cal Rc7g7]} Rb2+ 51. Kh1) 50... Rxe3 $11 {aiming for ...Qc8.} 51. Qa7 {[%csl Gg2][%cal Ra7g7]} Rxh3+ $1 52. Kxh3 {[%csl Gg2][%cal Ra7g7]} Qxh5+ {[%mdl 4096] Endgame KQR-KQN} 53. Kg3 Qg5+ $1 54. Kf2 Qd2+ 55. Kf1 {[%csl Gg2][%cal Ra7g7]} Qd1+ 56. Kf2 {[%csl Gg2][%cal Ra7g7]} Qd2+ 57. Kg3 Qg5+ 58. Kf3 Qf4+ 59. Ke2 {[%csl Gg2][%cal Ra7g7]} Qxe4+ 60. Kf1 {[%csl Gg2][%cal Ra7g7] Chess con chili.} Qf3+ $2 {[#] White stays focused until the end.} (60... Qb1+ $11 {and Black is okay.} 61. Kf2 Qc2+ 62. Kg1 Qd1+ 63. Kf2 (63. Kh2 Qh5+ 64. Kg3 Qg5+ 65. Kf3 Qf5+ 66. Ke2 Qc2+ 67. Kf3 Qf5+ 68. Ke3 Qf4+ 69. Ke2 Qe4+ 70. Kf2 Qc2+ 71. Kg3 Qg6+ 72. Kh3 Qh5+ 73. Kg3 Qg5+ 74. Kh3 Qh5+ 75. Kg3 $11) 63... Qd2+ 64. Kg1 Qd1+ 65. Kh2 Qh5+ 66. Kg1 Qd1+) 61. Qf2 $1 $18 (61. Kg1 Qd1+ 62. Kh2 Qh5+ 63. Kg3 (63. Kg1 Qd1+ 64. Kh2 Qh5+ 65. Kg3 Qg5+ 66. Kh3 Qh5+ 67. Kg3 Qg6+ 68. Kh3 Qh5+ 69. Kg3 $11) 63... Qg6+ 64. Kh3 Qh5+ 65. Kg3 Qg5+ 66. Kh3 Qh5+ 67. Kg3 $11) 61... Qd1+ $2 (61... Qxd5 62. Rxg8+ (62. Qg3 Qd1+ 63. Kf2 Qd4+ 64. Kf3 Qd1+ 65. Kf2 Qd4+ 66. Kf3 Qd1+ 67. Kf2 $11) 62... Qxg8) 62. Qe1 Qxa4 {[#]} 63. Qd2 $1 Qa1+ 64. Kf2 {White threatens d6 and mate.} Qa7+ 65. Kf3 {d6 is the strong threat.} f5 $2 (65... Qa3+ 66. Ke2 (66. Qe3 Qd6 $11) 66... Qh3) 66. d6 {Threatening mate with d7.} Qa3+ (66... Qb7+ $2 67. Kf2 Qa7+ 68. Qe3 Qxe3+ 69. Kxe3) (66... Qd7 $18 67. Qd5 Nf6 68. Qxe5 Qc6+ 69. Kf4 Qxg2 70. Qxf6+ Kh7 71. Qf7+ (71. Kxf5 Qd5+ 72. Kf4 Kg8 $16) 71... Kh8 72. Qf8+ (72. Qxf5 Qh2+ 73. Ke4 Qxd6 $11) 72... Kh7 73. Qxf5+ Kg7) 67. Ke2 Qa8 68. Kf1 Qa6+ 69. Kg1 Qa7+ 70. Kh2 Nf6 71. Qxh6+ Qh7 72. Qxh7+ Kxh7 73. Rg5 (73. Rd2 $142 Nd7 74. Rc2 Kh6 75. Rc7 Nf6 76. d7 Nxd7 77. Rxd7 Kg6 78. Kg3) 73... f4 74. Kh3 {White mates.} Ne4 75. Rh5+ Kg6 76. Rxe5 {Weighted Error Value: White=0.15 (very precise) /Black=0.21 (precise)} 1-0

[Event "RUDAR 2 IM 2022"]
[Site "Pozarevac"]
[Date "2022.04.04"]
[Round "3.2"]
[White "Velikic, Adela"]
[Black "Rajkovic, Aleksandar"]
[Result "1-0"]
[WhiteElo "2258"]
[BlackElo "2181"]
[Annotator "TA"]
[PlyCount "107"]
[EventDate "2022.03.27"]
[EventType "tourn"]
[EventCountry "SRB"]
[SourceTitle "playchess.com"]
[Source "ChessBase"]
[SourceQuality "1"]

{[%evp 17,107,19,31,13,58,37,74,69,60,84,78,46,55,54,86,48,56,39,47,29,37,18,14,6,40,27,38,26,43,37,49,58,64,65,81,79,90,84,135,145,133,71,74,79,135,145,135,126,149,138,232,236,209,158,152,124,106,64,49,0,0,0,54,69,55,68,62,55,194,193,202,196,513,520,549,532,538,521,590,555,577,559,703,540,561,394,450,443,949,943,1083,1067]} 1. d4 d5 2. c4 c6 3. Nf3 Nf6 4. Nc3 e6 5. Bg5 Be7 6. e3 {[%cal Be2e3,Be3e4,Be4e5][%mdl 32]} Nbd7 7. Bd3 dxc4 8. Bxc4 b5 9. Bd3 a6 10. e4 {D53: Queen's Gambit Declined: 4 Bg5 Be7: Early deviations.} b4 11. Na4 O-O 12. Rc1 {Against c5. White is better.} Bb7 {[%cal Oc6c5] [#]} 13. e5 $146 ({Predecessor:} 13. O-O Rc8 14. Qe2 Qa5 15. b3 h6 16. Bh4 g5 17. Bg3 c5 18. e5 Ne8 19. h4 {1-0 (28) Meskovs,N (2495)-Tokranovs,D (2340) Liepaja 2017}) 13... Nd5 14. Bxe7 Qxe7 15. O-O Rac8 16. Qc2 {Prevents c5.} h6 {[%cal Oc6c5]} 17. Nc5 Nxc5 18. Qxc5 a5 19. Nd2 {[%cal Bf3d2,Bd2b3,Bb3a5,Ba5c4,Bc4d6,Bd6f5][%mdl 32]} (19. Qxa5 Nf4 20. Ne1 Ra8 $15) 19... Qxc5 20. Rxc5 Nf4 21. Bc4 Rfd8 22. Nb3 a4 23. Na5 Ba8 24. Rd1 g5 25. Bf1 Rd5 26. Nc4 $1 {Threatens to win with Nb6.} Rb8 {Inhibits Nb6.} 27. Nd6 Ng6 {[#]} (27... f5 $142) 28. Rxd5 $1 $16 {0x0.0013ee608102dp-1022s more active pieces.} exd5 29. Rc1 (29. g3 $142) 29... Nf4 30. Nf5 a3 (30... h5 $142) 31. bxa3 ({Stronger than} 31. Nxh6+ Kh7 32. Nxf7 b3 33. axb3 (33. Nxg5+ Kg6 $15) (33. bxa3 $2 bxa2 34. Nxg5+ Kh6 $19) 33... axb2 $15) 31... bxa3 32. g3 Ne6 {[#]} 33. Rc3 $1 ({Don't play} 33. Nxh6+ $6 Kh7 34. Nxf7 Kg7 $14) 33... Rb1 (33... c5 $16) 34. Rxa3 $18 ({Resist} 34. Nxh6+ $6 Kf8) 34... Bb7 35. Kg2 c5 36. Bd3 Rb2 37. Nxh6+ Kf8 38. Nf5 (38. Ba6 $1 $14 {is more appropriate.} Nxd4 39. Bxb7 Rxb7 40. Ng4) 38... c4 $11 39. Bf1 {And now Kf3 would win.} f6 (39... g4 $11) 40. exf6 $14 {Ra7 is the strong threat.} Kf7 41. Kf3 $1 Kxf6 42. Bh3 Rd2 {Black cannot hold the game after this.} (42... Bc8 $14) 43. Ke3 $18 Rb2 44. Nd6 Bc6 (44... Ke7 {is tougher.}) 45. Ra6 Nd8 {[#]} 46. Nxc4 {[%mdl 512]} dxc4 47. d5 {[%mdl 64] Pin} Ke5 48. dxc6 {[%mdl 4096] Endgame White wants to mate with c7. KRB-KRN} Kd6 49. Bg2 c3 {[%cal Ob2f2]} 50. Ra3 c2 51. Rc3 {White threatens c7 and mate.} Kc7 52. Bd5 {White is clearly winning.} g4 (52... Rb5 $142 53. Kd4 Rb4+ 54. Ke5 Rb5) 53. Bb3 Nxc6 54. Rxc2 {Weighted Error Value: White=0.15 (very precise) /Black=0.34} 1-0

[Event "RUDAR 2 IM 2022"]
[Site "Pozarevac"]
[Date "2022.04.04"]
[Round "3.3"]
[White "Ivanovic, Marko"]
[Black "Savitha Shri B"]
[Result "1-0"]
[WhiteElo "2302"]
[BlackElo "2257"]
[Annotator "NA RC"]
[PlyCount "65"]
[EventDate "2022.03.27"]
[EventType "tourn"]
[EventCountry "SRB"]
[SourceTitle "playchess.com"]
[Source "ChessBase"]
[SourceQuality "1"]
[TimeControl "40/5400+30:900+30"]

1. e4 {[%emt 0:06:01]} c5 {[%emt 0:01:50]} 2. Nc3 {[%emt 0:00:08]} Nc6 {[%emt 0:00:13]} 3. Bb5 {[%emt 0:00:09]} Nd4 {[%emt 0:00:23]} 4. Nf3 {[%emt 0:00:05]} a6 {[%emt 0:00:17]} 5. Bd3 {[%emt 0:00:25]} g6 {[%emt 0:00:08]} 6. O-O {[%emt 0:00:07]} Bg7 {[%emt 0:00:03]} 7. Re1 {[%emt 0:00:04]} Nxf3+ {[%emt 0:00:36]} 8. Qxf3 {[%emt 0:00:13]} d6 {[%emt 0:00:17]} 9. b3 {[%emt 0:05:25]} Nf6 {[%emt 0:05:26]} 10. Bb2 {[%emt 0:00:52]} Ng4 {[%emt 0:03:56]} 11. Bf1 {[%emt 0:02:14]} O-O {[%emt 0:04:27]} 12. Nd1 {[%emt 0:19:20]} e5 {[%emt 0:10:03]} 13. h3 {[%emt 0:00:24]} Nh6 {[%emt 0:06:32]} 14. Ne3 {[%emt 0:13:03]} Rb8 {[%emt 0:03:02]} 15. c3 {[%emt 0:07:24]} Kh8 {[%emt 0:09:09]} 16. Rad1 {[%emt 0:01:23]} f5 {[%emt 0:02:39]} 17. d4 {[%emt 0:00:19]} fxe4 {[%emt 0:07:52]} 18. Qxe4 {[%emt 0:02:17]} exd4 {[%emt 0:15:02]} 19. cxd4 {[%emt 0:01:29]} Nf5 {[%emt 0:05:47]} 20. Nxf5 {[%emt 0:02:40]} Bxf5 {[%emt 0:00:05]} 21. Qd5 {[%emt 0:00:07]} Qa5 {[%emt 0:07:00]} 22. Re2 {[%emt 0:07:46]} Rbe8 {[%emt 0:06:30]} 23. dxc5 {[%emt 0:00:50]} Bxb2 {[%emt 0:00:49]} 24. Rxb2 {[%emt 0:00:10]} dxc5 {[%emt 0:03:53]} 25. Qxb7 {[%emt 0:01:10]} Rf6 {[%emt 0:01:33]} 26. Re2 {[%emt 0:03:10]} Ref8 {[%emt 0:01:15]} 27. Re7 {[%emt 0:02:50]} g5 {[%emt 0:00:04]} 28. Bd3 {[%emt 0:01:31]} Bxd3 {[%emt 0:01:51]} 29. Rxd3 {[%emt 0:00:05]} Rg6 {[%emt 0:01:37]} 30. Rdd7 {[%emt 0:00:52]} Rg7 {[%emt 0:00:41]} 31. Qe4 {[%emt 0:00:52]} Qxa2 {[%emt 0:02:09]} 32. Rxg7 {[%emt 0:00:15]} Qxf2+ {[%emt 0:00:42]} 33. Kh2 {[%emt 0:00:08]} 1-0

[Event "RUDAR 2 IM 2022"]
[Site "Pozarevac"]
[Date "2022.04.04"]
[Round "3.4"]
[White "Andreev, Konstantin"]
[Black "Bryakin, Mikhail"]
[Result "0-1"]
[WhiteElo "2238"]
[BlackElo "2481"]
[Annotator "TA"]
[PlyCount "82"]
[EventDate "2022.03.27"]
[EventType "tourn"]
[EventCountry "SRB"]
[SourceTitle "playchess.com"]
[Source "ChessBase"]
[SourceQuality "1"]

{[%evp 11,82,25,32,43,38,33,39,24,41,36,62,56,65,44,43,39,45,35,47,25,32,29,138,140,141,141,188,190,171,75,85,48,49,39,50,43,93,40,44,28,34,-1,0,-17,-17,-17,-17,-21,-26,-38,-27,-28,-28,-50,-47,-434,-459,-439,-399,-352,-345,-370,-350,-615,-577,-921,-916,-801,-500,-29995,-29984,-29995,-5277]} 1. e4 c6 2. d4 d5 3. e5 Bf5 4. Nf3 e6 5. Be2 Nd7 6. O-O Bg6 7. a4 {B12: Caro-Kann: Advance Variation.} a5 8. Nbd2 Nh6 9. Nb3 {White is slightly better.} Nf5 10. Bd2 {[#]} Bh5 $146 ({Predecessor:} 10... Be7 11. Qe1 b6 12. Rc1 O-O 13. c4 Rc8 14. cxd5 cxd5 15. Bb5 Nb8 16. h3 Nh4 {1-0 (70) Le,Q (2713)-Ovetchkin,R (2518) Chess.com INT 2020}) 11. Qe1 {[%cal Rd2a5]} b6 12. Rc1 Be7 13. h3 {g4 is the strong threat.} (13. Nh4 {is interesting.} Nxh4 14. Bxh5 c5 15. Be2) 13... Bxf3 14. Bxf3 O-O 15. Bg4 (15. c4 $5 {[%cal Rc4d5]}) 15... Re8 16. c4 Qb8 (16... dxc4 $11 17. Rxc4 c5) 17. cxd5 $16 cxd5 18. Qe2 g6 (18... Qd8 $16 19. Rc2 g6) 19. Bxf5 $18 gxf5 20. Qb5 (20. Rc3 $1 $18 {[%cal Rc3g3] has better winning chances.}) 20... Qa7 21. f4 Kh8 22. Kh2 Rg8 23. Rg1 Bb4 (23... Rac8 $14) 24. Be3 (24. Bxb4 $16 axb4 25. Ra1 (25. Qxb4 Qxa4 26. Qc3 Qb5 $11)) 24... Rac8 $14 25. g4 fxg4 26. Rxg4 {[%cal Of4f5]} f5 27. Rxc8 Rxc8 28. Rg2 Nf8 {[%cal Bd7f8,Bf8g6,Bg6h4][%mdl 32]} 29. Nc1 Ng6 {Strongly threatening ...Nh4.} 30. Nd3 Nh4 31. Rg3 Qc7 32. Bf2 Bd2 33. Kg1 $2 {[%mdl 8192] [#]} (33. Qa6 $15) 33... Bxf4 $1 $19 {[%mdl 512]} 34. Nxf4 Qc1+ 35. Kh2 {And now Qd7 would win.} Qxf4 36. Qe2 Ng6 37. Be3 $2 (37. Qe3 Rc2 38. Qxf4 Nxf4 39. Rf3) 37... Qe4 38. Qa6 Rc2+ 39. Kg1 f4 40. Qxb6 (40. Qa8+ $19 Kg7 41. Qd8 Rc1+ 42. Bxc1 Qe1+ 43. Kg2 Qxg3+ 44. Kf1) 40... Rc8 ({And not} 40... fxg3 41. Qd8+ Kg7 42. Qf6+ Kg8 43. Qxe6+ Kh8 44. Qf6+ Kg8 45. Qe6+ Kh8 46. Qf6+ Kg8 47. Qe6+ $11) 41. Qxe6 {[#]} Rf8 {Never resign too early!  Weighted Error Value: White=0.67/Black=0.21 (precise)} (41... Rc1+ $142 $3 {[%mdl 512]} 42. Kf2 fxg3+ 43. Kxg3 Qxe3+ 44. Kg4 Rg1+ 45. Kh5 Qg5#) 0-1

[Event "RUDAR 2 IM 2022"]
[Site "Pozarevac"]
[Date "2022.04.04"]
[Round "3.5"]
[White "Anishka Vikram"]
[Black "Milanovic, Slavisa"]
[Result "0-1"]
[WhiteElo "2000"]
[BlackElo "2296"]
[Annotator "NA RC"]
[PlyCount "71"]
[EventDate "2022.03.27"]
[EventType "tourn"]
[EventCountry "SRB"]
[SourceTitle "playchess.com"]
[Source "ChessBase"]
[SourceQuality "1"]
[TimeControl "40/5400+30:900+30"]

1. d4 {[%emt 0:00:04]} g6 {[%emt 0:00:36]} 2. c4 {[%emt 0:00:07]} Bg7 {[%emt 0:00:10]} 3. Nc3 {[%emt 0:00:07]} c5 {[%emt 0:00:19]} 4. d5 {[%emt 0:00:13]} e6 {[%emt 0:03:10]} 5. e4 {[%emt 0:01:19]} exd5 {[%emt 0:02:10]} 6. exd5 {[%emt 0:01:11]} Nf6 {[%emt 0:02:03]} 7. Nf3 {[%emt 0:00:40]} O-O {[%emt 0:00:10]} 8. Be2 {[%emt 0:00:09]} d6 {[%emt 0:00:51]} 9. O-O {[%emt 0:00:08]} Nbd7 {[%emt 0:04:01]} 10. Bf4 {[%emt 0:04:29]} Qb6 {[%emt 0:03:12]} 11. Qb3 {[%emt 0:14:07]} Ne8 {[%emt 0:06:10]} 12. Nb5 {[%emt 0:09:04]} Ne5 {[%emt 0:05:40]} 13. Nxe5 {[%emt 1:05:22]} dxe5 {[%emt 0:00:18]} 14. Be3 {[%emt 0:00:00]} Nc7 {[%emt 0:04:36]} 15. a4 {[%emt 0:00:00]} Nxb5 {[%emt 0:04:21]} 16. Qxb5 {[%emt 0:00:00]} Qxb5 {[%emt 0:01:07]} 17. axb5 {[%emt 0:00:00]} b6 {[%emt 0:00:32]} 18. b4 {[%emt 0:00:00]} cxb4 {[%emt 0:02:18]} 19. Bxb6 {[%emt 0:00:00]} Bg4 {[%emt 0:01:03]} 20. Bxg4 {[%emt 0:00:00]} axb6 {[%emt 0:00:07]} 21. Rab1 {[%emt 0:00:00]} f5 {[%emt 0:00:25]} 22. Be2 {[%emt 0:00:00]} Ra2 {[%emt 0:01:21]} 23. Bd1 {[%emt 0:00:00]} Rfa8 {[%emt 0:03:09]} 24. Rxb4 {[%emt 0:00:00]} Bf8 {[%emt 0:00:57]} 25. Rb1 {[%emt 0:00:00]} Bc5 {[%emt 0:00:16]} 26. Bb3 {[%emt 0:00:00]} Rd2 {[%emt 0:00:59]} 27. g3 {[%emt 0:00:00]} e4 {[%emt 0:02:37]} 28. h3 {[%emt 0:00:00]} Ra3 {[%emt 0:01:05]} 29. h4 {[%emt 0:00:00]} Rd3 {[%emt 0:00:20]} 30. d6 {[%emt 0:00:45]} Rxg3+ {[%emt 0:03:28]} 31. Kh2 {[%emt 0:00:05]} Rgxb3 {[%emt 0:00:11]} 32. d7 {[%emt 0:00:45]} Rd3 {[%emt 0:01:08]} 33. Rfd1 {[%emt 0:00:09]} Ra8 {[%emt 0:00:51]} 34. Rxd3 {[%emt 0:02:13]} exd3 {[%emt 0:00:07]} 35. Re1 {[%emt 0:00:04]} Kf7 {[%emt 0:00:10]} 36. Re2 {[%emt 0:07:29]} 0-1